|
|
|
|
| LEADER |
00939pam a22002898a 4500 |
| 001 |
00044196 |
| 005 |
20190424140408.0 |
| 008 |
110421s1993 ||||||Viesd |
| 020 |
# |
# |
|c 0
|a 978 604 78 444 87
|
| 041 |
0 |
# |
|a Vie
|
| 082 |
1 |
4 |
|b N455NG
|a 398.809 597 7
|
| 100 |
1 |
# |
|a Phan, Văn Phấn
|
| 245 |
0 |
0 |
|c Phan Văn Phấn
|a Nông ngư cụ Nam Bộ với ca dao tục ngữ
|
| 260 |
# |
# |
|a Hà Nội
|b Mỹ Thuật
|c 2016
|
| 300 |
# |
# |
|c 21 cm.
|a 519 tr.
|
| 500 |
# |
# |
|a ĐTTS ghi: Hội văn nghệ Dân gian Việt Nam
|
| 653 |
# |
# |
|a Ca dao
|
| 653 |
# |
# |
|a Văn học dân gian
|
| 653 |
# |
# |
|a Việt Nam
|
| 653 |
# |
# |
|a Nam Bộ
|
| 653 |
# |
# |
|a Ngư cụ
|
| 653 |
# |
# |
|a Nông cụ
|
| 653 |
# |
# |
|a Tục ngữ
|
| 710 |
# |
# |
|a Hội văn nghệ Dân gian Việt Nam
|
| 852 |
# |
# |
|j KD.0025751
|
| 910 |
# |
# |
|d 24/04/2019
|
| 980 |
# |
# |
|a Trung tâm Học liệu Lê Vũ Hùng, Trường Đại học Đồng Tháp
|